Statistics for Movies By 1 Actor and 1 Actress - DC Edition

Click here to take the quiz!

General Stats

  • This quiz has been taken 18 times
  • The average score is 17 of 26

Answer Stats

CastMovie% Correct
Michael Keaton, Kim BasingerBatman
100%
Val Kilmer, Nicole KidmanBatman Forever
100%
Will Smith, Viola DavisSuicide Squad
88%
Christopher Reeve, Margot KidderSuperman
88%
Heath Ledger, Maggie GyllenhaalThe Dark Knight
88%
Margot Robbie, Idris ElbaThe Suicide Squad
88%
Gal Gadot, Chris PineWonder Woman
88%
Jason Momoa, Nicole KidmanAquaman
81%
Ben Affleck, Gal GadotJustice League
81%
Christian Bale, Katie HolmesBatman Begins
75%
Halle Berry, Benjamin BrattCatwoman
75%
Joaquin Phoenix, Zazie BeetzJoker
75%
Henry Cavill, Amy AdamsMan of Steel
75%
George Clooney, Uma ThurmanBatman & Robin
69%
Ryan Reynolds, Blake LivelyGreen Lantern
69%
Zachary Levi, Michelle BorthShazam!
69%
Tom Hardy, Marion CotillardThe Dark Knight Rises
63%
Danny DeVito, Michelle PfeifferBatman Returns
50%
Keanu Reeves, Tilda SwintonConstantine
50%
Natalie Portman, Hugo WeavingV for Vendetta
44%
Kristen Wiig, Pedro PascalWonder Woman 1984
44%
Ben Affleck, Amy AdamsBatman v Superman: Dawn of Justice
38%
Josh Brolin, Megan FoxJonah Hex
31%
Jackie Earle Haley, Carla GuginoWatchmen
31%
Lady Gaga, Brendan GleesonJoker: Folie a Deux
25%
Jeffrey Dean Morgan, Zoe SaldanaThe Losers
19%

Score Distribution

Percentile by Number Answered

Percent of People with Each Score

Your Score History

You have not taken this quiz